[Event "SV Unna 1 - SV Waltrop 1"]
[Site "Verbandsklasse - Gruppe 3 201"]
[Date "2019.01.20"]
[Round "5.1"]
[White "Gasper, Joern"]
[Black "Barskij, Aleksandr"]
[Result "1/2-1/2"]
[WhiteElo "2033"]
[BlackElo "1914"]
[PlyCount "140"]
[EventDate "2019.??.??"]

1. e4 c5 2. Nf3 Nc6 3. c3 d5 4. exd5 Qxd5 5. d4 Bf5 6. Be3 cxd4 7. Nxd4 Nxd4 8.
cxd4 Nf6 9. Nc3 Qa5 10. Qb3 O-O-O 11. Qc4+ Qc7 12. Qa4 a6 13. Rc1 Kb8 14. d5 e5
15. Nb5 Qd7 16. Ba7+ Ka8 17. Bb6 Rc8 18. Rxc8+ Qxc8 19. Nc7+ Kb8 20. Bc4 Bd6
21. Nb5 Bc5 22. Bc7+ Ka8 23. Qa5 Bd7 24. b4 Bxb5 25. Bxb5 Bxb4+ 26. Qxb4 Qxc7
27. Be2 Qc1+ 28. Bd1 Nxd5 29. Qb3 Qc3+ 30. Qxc3 Nxc3 31. Bb3 f6 32. Kd2 Ne4+
33. Ke3 Nc5 34. Rd1 Kb8 35. Bc2 Kc7 36. h4 h6 37. Kf3 Ne6 38. Kg4 h5+ 39. Kg3
Nd4 40. Bg6 Rh6 41. Be4 f5 42. Bb1 f4+ 43. Kh3 Rb6 44. g3 f3 45. g4 Rb2 46. Rf1
Kd6 47. gxh5 Kd5 48. Kg4 e4 49. Kg5 Ke5 50. h6 gxh6+ 51. Kxh6 Rb6+ 52. Kg5 Ne6+
53. Kg4 Nf4 54. h5 Nd5 55. Kg5 Rf6 56. Bxe4 Kxe4 57. Re1+ Kd3 58. Rd1+ Ke2 59.
Rxd5 Rf8 60. h6 Kxf2 61. h7 Kg2 62. Kg6 f2 63. Rg5+ Kf3 64. Kg7 f1=Q 65. Kxf8
Ke4+ 66. Kg7 Qa1+ 67. Kh6 Qf6+ 68. Rg6 Qf8+ 69. Kg5 Qf4+ 70. Kh5 Qf5+ 1/2-1/2

[Event "SV Unna 1 - SV Waltrop 1"]
[Site "Verbandsklasse - Gruppe 3 201"]
[Date "2019.01.20"]
[Round "5.2"]
[White "Solberg, Kirsten"]
[Black "Eckert, Marius"]
[Result "0-1"]
[WhiteElo "1817"]
[BlackElo "2042"]
[PlyCount "94"]
[EventDate "2019.??.??"]

1. e4 e5 2. Nf3 Nc6 3. d4 exd4 4. Nxd4 Bb4+ 5. Nc3 Nf6 6. Nxc6 bxc6 7. Bd3 d5
8. exd5 cxd5 9. O-O O-O 10. Bg5 c6 11. Qf3 Be7 12. Rfe1 h6 13. Bh4 Re8 14. h3
Rb8 15. Rab1 Be6 16. Bg3 Bd6 17. Ne2 Bxg3 18. Nxg3 Qa5 19. b3 Bd7 20. Qd1 g6
21. a4 Kg7 22. Nf1 c5 23. Qd2 Qc7 24. Ng3 Rxe1+ 25. Rxe1 Bc6 26. Qc3 Qd6 27.
Qe5 Qxe5 28. Rxe5 Nd7 29. Re1 Kf6 30. f4 Rb4 31. f5 c4 32. bxc4 dxc4 33. c3
Rxa4 34. Bc2 Ra2 35. Re2 Nc5 36. fxg6 fxg6 37. Nf1 Be4 38. Rxe4 Nxe4 39. Bxe4
Ke5 40. Bxg6 Ra3 41. Kf2 Rxc3 42. Ke2 Kd4 43. Nd2 Rg3 44. Nf3+ Kc3 45. Bf7
Rxg2+ 46. Kf1 Rb2 47. Ke1 a5 0-1

[Event "SV Unna 1 - SV Waltrop 1"]
[Site "Verbandsklasse - Gruppe 3 201"]
[Date "2019.01.20"]
[Round "5.3"]
[White "Winterberg, Andreas"]
[Black "Irlaender, Walter"]
[Result "1-0"]
[WhiteElo "1986"]
[BlackElo "1843"]
[Annotator "Daniel"]
[PlyCount "103"]
[EventDate "2019.??.??"]

1. e4 e5 2. Nf3 Nc6 3. Nc3 Nf6 4. d4 exd4 5. Nxd4 Bb4 6. Nxc6 bxc6 7. Bd3 O-O
8. O-O d6 9. Bg5 h6 10. Bh4 g5 11. Bg3 Bg4 12. f3 Bh5 13. e5 Bxc3 14. bxc3 dxe5
15. Bxe5 Re8 16. Re1 Nd7 17. Bd4 c5 $11 18. Bf2 Rxe1+ 19. Qxe1 Qf8 20. Bb5 Nb6
21. Rd1 Bg6 22. Qe5 Rd8 23. Re1 Qd6 24. Qxc5 Qxc5 25. Bxc5 Bxc2 26. Bd4 Bg6 27.
Bc6 Bd3 28. Re7 Nd5 29. Re5 Bc4 30. a3 a6 31. h4 gxh4 32. Rh5 Rd6 33. Ba4 c5
34. Bxc5 Re6 35. Rxh4 Re1+ 36. Kh2 Bf1 37. Rg4+ Kh8 38. Bd4+ f6 39. Bb3 h5 40.
Rg5 Nf4 41. Bxf6+ Kh7 42. Bc2+ Kh6 43. Rg8 Nd3 44. Rd8 Re3 45. Rd6 Nf4 46. Kg1
Bc4 47. Be5+ Kg5 48. Bf6+ Kh6 49. Bd4+ Re6 50. Rxe6+ Nxe6 51. Kf2 Kg5 52. g3
1-0

[Event "SV Unna 1 - SV Waltrop 1"]
[Site "Verbandsklasse - Gruppe 3 201"]
[Date "2019.01.20"]
[Round "5.4"]
[White "Reininghaus, Dennis"]
[Black "Dunsche, Daniel"]
[Result "0-1"]
[WhiteElo "1742"]
[BlackElo "1930"]
[PlyCount "106"]
[EventDate "2019.??.??"]

1. d4 d5 2. Nf3 Nf6 3. e3 Bg4 4. Be2 e6 5. Nbd2 c5 6. c3 Nc6 7. Qa4 a6 8. h3
Bh5 9. g4 Bg6 10. Ne5 Qc8 11. Nxc6 Qxc6 12. Qxc6+ bxc6 13. Nb3 Nd7 14. Na5 cxd4
15. exd4 c5 16. dxc5 Bxc5 17. Nb3 Bd6 18. Be3 O-O 19. f4 Be4 20. Rg1 Rfb8 21.
O-O-O a5 22. Nd2 Bg6 23. Rdf1 h6 24. f5 Bh7 25. Bd3 Nc5 26. Bc2 Rb7 27. g5 hxg5
28. Rxg5 f6 29. Rg2 e5 30. Rfg1 Rab8 31. b4 axb4 32. cxb4 Na6 33. a3 Rc8 34.
Kb2 Rxc2+ 35. Kxc2 Bxf5+ 36. Kb3 Bxh3 37. Rg3 Be6 38. Bh6 g5 39. Bxg5 fxg5 40.
Rxg5+ Kf8 41. Rf1+ Ke8 42. Rf6 Kd7 43. Rgg6 Be7 44. Rg7 Nc5+ 45. Kc2 Na4 46.
Kb3 Nb6 47. Rh6 e4 48. Rgg6 Nc4 49. Nxc4 dxc4+ 50. Kc3 Rb6 51. Kd4 Rd6+ 52. Ke5
c3 53. Kxe4 c2 0-1

[Event "SV Unna 1 - SV Waltrop 1"]
[Site "Verbandsklasse - Gruppe 3 201"]
[Date "2019.01.20"]
[Round "5.5"]
[White "Drewes, Martin"]
[Black "Bertschik, Jonas"]
[Result "1-0"]
[WhiteElo "1934"]
[BlackElo "1700"]
[PlyCount "57"]
[EventDate "2019.??.??"]

1. e4 e5 2. Nf3 d6 3. d4 exd4 4. Nxd4 Nf6 5. Nc3 Be7 6. Be3 d5 7. e5 c5 8. exf6
Bxf6 9. Ndb5 d4 10. Bf4 dxc3 11. Nc7+ Kf8 12. Qxd8+ Bxd8 13. Nxa8 cxb2 14. Rb1
Ba5+ 15. Bd2 Bd8 16. Bf4 Na6 17. Bxa6 bxa6 18. Rxb2 g5 19. Bd6+ Kg7 20. O-O Bf6
21. Rb8 Bd4 22. Re1 Rd8 23. Bc7 Rg8 24. Be5+ Bxe5 25. Rxe5 Kf6 26. Rxc5 Rd8 27.
Kf1 Rd1+ 28. Ke2 Bg4+ 29. f3 1-0

[Event "SV Unna 1 - SV Waltrop 1"]
[Site "Verbandsklasse - Gruppe 3 201"]
[Date "2019.01.20"]
[Round "5.6"]
[White "Watzlawek, Volker"]
[Black "Breidenbach, Rolf"]
[Result "1-0"]
[WhiteElo "1631"]
[BlackElo "1895"]
[PlyCount "75"]
[EventDate "2019.??.??"]

1. Nf3 g6 2. g3 Bg7 3. Bg2 e5 4. d3 Ne7 5. O-O O-O 6. c4 Nbc6 7. e4 d6 8. Nc3
h6 9. Rb1 a5 10. Be3 Nd4 11. Qd2 Kh7 12. Nh4 Ne6 13. f4 exf4 14. gxf4 f5 15. d4
fxe4 16. Bxe4 Nf5 17. Nxf5 gxf5 18. Bg2 Rb8 19. Rfe1 Bd7 20. Rbd1 Rg8 21. Re2
Nf8 22. Rde1 c6 23. Bf2 Ng6 24. a3 Bf6 25. Kh1 Qf8 26. Bf3 Nh4 27. Bh5 Rg7 28.
d5 c5 29. a4 Qg8 30. Bg3 Ng6 31. Nb5 Bxb5 32. axb5 b6 33. Re6 Qf8 34. b3 Rbb7
35. Qd3 Bd4 36. Qe2 Rbd7 37. Bxg6+ Rxg6 38. Rxg6 1-0

[Event "SV Unna 1 - SV Waltrop 1"]
[Site "Verbandsklasse - Gruppe 3 201"]
[Date "2019.01.20"]
[Round "5.7"]
[White "Sehrbrock, Christoph"]
[Black "Schweda, Albert"]
[Result "1-0"]
[WhiteElo "1794"]
[BlackElo "1510"]
[PlyCount "81"]
[EventDate "2019.??.??"]

1. e4 e5 2. Nf3 d6 3. d4 exd4 4. Nxd4 Nf6 5. Nc3 Be7 6. Be3 O-O 7. f3 Nbd7 8.
Nf5 Ne5 9. Nxe7+ Qxe7 10. Qd2 Be6 11. O-O-O a5 12. h3 Bc4 13. f4 Bxf1 14. fxe5
Qxe5 15. Rhxf1 Nxe4 16. Nxe4 Qxe4 17. Rf3 a4 18. Qd4 Rae8 19. Qxe4 Rxe4 20. Rd4
Rfe8 21. Kd2 b5 22. Rxe4 Rxe4 23. Rf4 Re6 24. Rb4 c6 25. c4 Re4 26. a3 Re5 27.
Bf4 Rf5 28. cxb5 cxb5 29. Rd4 g5 30. Be3 d5 31. Rb4 d4 32. Rxd4 h5 33. Kd3 Kg7
34. Ke4 Kg6 35. Rd5 Rxd5 36. Kxd5 f5 37. Ke5 f4 38. Bd2 h4 39. Bxf4 gxf4 40.
Kxf4 Kh5 41. Kf5 1-0

[Event "SV Unna 1 - SV Waltrop 1"]
[Site "Verbandsklasse - Gruppe 3 201"]
[Date "2019.01.20"]
[Round "5.8"]
[White "Konrad, Alechander"]
[Black "Neumann, Robert"]
[Result "0-1"]
[WhiteElo "1637"]
[BlackElo "1772"]
[PlyCount "78"]
[EventDate "2019.??.??"]

1. d4 Nf6 2. c4 c5 3. e3 g6 4. Nf3 Bg7 5. g3 O-O 6. Bg2 cxd4 7. exd4 d5 8. b3
Bf5 9. O-O dxc4 10. bxc4 Qc8 11. Qb3 Nc6 12. Bb2 a5 13. a3 a4 14. Qe3 Re8 15.
Nbd2 Ng4 16. Qe2 e5 17. d5 Nd4 18. Nxd4 exd4 19. Qd1 Bd3 20. Re1 Rxe1+ 21. Qxe1
Qc5 22. Rc1 Bh6 23. Rd1 Nxf2 24. Kxf2 Be3+ 25. Kf3 g5 26. Bf1 g4+ 27. Kg2 Bc2
28. Rc1 Bf5 29. Be2 h5 30. Qf1 Bg6 31. Rd1 Ra6 32. Bd3 f5 33. Qe2 Rf6 34. Nf1
f4 35. gxf4 Rxf4 36. Nxe3 Be4+ 37. Bxe4 Rxe4 38. Qf2 dxe3 39. Qe2 Rxc4 0-1

[Event "SV Welper 2 - SV Mülheim-Nord 4"]
[Site "Verbandsklasse - Gruppe 3 201"]
[Date "2019.01.20"]
[Round "5.1"]
[White "Oltmanns, Jan"]
[Black "Marx, Patrick"]
[Result "1/2-1/2"]
[WhiteElo "1951"]
[BlackElo "1925"]
[PlyCount "139"]
[EventDate "2019.??.??"]

1. e4 c6 2. d4 d5 3. exd5 cxd5 4. c3 Nf6 5. Bf4 Nbd7 6. a4 a5 7. Bb5 e6 8. h3
Be7 9. Nf3 O-O 10. O-O Ne4 11. Qe2 Bd6 12. Bxd6 Nxd6 13. Bd3 b6 14. Na3 Bb7 15.
Nb5 Nxb5 16. axb5 Nf6 17. Ne5 Qd6 18. Rfe1 Rac8 19. f3 Nh5 20. Qc2 g6 21. Bf1
Kg7 22. Qd2 f6 23. Nd3 Rce8 24. b4 axb4 25. Nxb4 e5 26. Ra7 Rf7 27. Nd3 e4 28.
fxe4 dxe4 29. Re3 Ree7 30. Nb2 f5 31. Nc4 Qb8 32. Rxb7 Qxb7 33. Nd6 Qc7 34.
Nxf7 Rxf7 35. c4 Ng3 36. c5 bxc5 37. dxc5 Qxc5 38. Qc3+ Qxc3 39. Rxc3 Nxf1 40.
b6 Rf6 41. Rb3 Rf8 42. Kxf1 Rb8 43. b7 Kf6 44. Kf2 Ke5 45. h4 Kd5 46. Ke3 Kc6
47. g4 Rxb7 48. Rc3+ Kd5 49. gxf5 gxf5 50. Kf4 Kd4 51. Ra3 Rg7 52. h5 Rg1 53.
Ra4+ Kc3 54. Ra3+ Kb4 55. Ra7 Rf1+ 56. Ke3 Rf3+ 57. Kd4 Rd3+ 58. Ke5 e3 59.
Kxf5 Kc3 60. Rxh7 e2 61. Re7 Kd2 62. Rxe2+ Kxe2 63. h6 Rd6 64. Kg5 Ke3 65. h7
Rd5+ 66. Kg6 Rd6+ 67. Kg7 Rd7+ 68. Kg8 Rd8+ 69. Kg7 Rd7+ 70. Kg8 1/2-1/2

[Event "SV Welper 2 - SV Mülheim-Nord 4"]
[Site "Verbandsklasse - Gruppe 3 201"]
[Date "2019.01.20"]
[Round "5.2"]
[White "Teich, Udo"]
[Black "Schmidt, Kevin"]
[Result "0-1"]
[WhiteElo "1893"]
[BlackElo "1910"]
[Annotator "Daniel"]
[PlyCount "52"]
[EventDate "2019.??.??"]

1. d4 Nf6 2. c4 e6 3. Nf3 Bb4+ 4. Nbd2 O-O 5. a3 Be7 6. e3 d5 7. Bd3 b6 8. b3
c5 9. cxd5 Nxd5 10. Bb2 cxd4 11. Bxd4 Bf6 12. Qc2 h6 13. O-O Ba6 14. Rfd1 Bxd3
15. Qxd3 Nc6 $11 16. Nc4 Nxd4 17. Nxd4 b5 18. Nb2 Qb6 19. Rac1 Rac8 20. Qd2
Rfd8 21. Qe1 Rxc1 22. Rxc1 Bxd4 23. exd4 Qxd4 24. Nd1 Nf4 25. Rb1 Qd2 26. Nc3
Qxc3 0-1

[Event "SV Welper 2 - SV Mülheim-Nord 4"]
[Site "Verbandsklasse - Gruppe 3 201"]
[Date "2019.01.20"]
[Round "5.3"]
[White "Schuermann, Jan"]
[Black "Leimkuehler, Dirk"]
[Result "0-1"]
[WhiteElo "1800"]
[BlackElo "1865"]
[PlyCount "110"]
[EventDate "2019.??.??"]

1. e4 d5 2. exd5 Qxd5 3. Nc3 Qd6 4. Nf3 Nf6 5. d4 a6 6. g3 Bg4 7. Bg2 Nc6 8.
O-O e6 9. Bf4 Qd8 10. h3 Bh5 11. g4 Bg6 12. Qe2 Be7 13. Rfe1 Nb4 14. Rac1 c6
15. Be5 h6 16. a3 Nbd5 17. Nxd5 cxd5 18. Nd2 b5 19. b3 Bxa3 20. Ra1 b4 21. Bxf6
gxf6 22. Nb1 Qd6 23. Nxa3 bxa3 24. c4 O-O 25. c5 Qf4 26. Qe3 Qxe3 27. Rxe3 Rfb8
28. Rxa3 Rb4 29. c6 Rb6 30. Rc3 Rc8 31. c7 Rb7 32. Rc6 Rcxc7 33. Rxc7 Rxc7 34.
Rxa6 Rc1+ 35. Kh2 Rb1 36. Rb6 Bc2 37. b4 Bd3 38. f4 Rb2 39. Kg3 Rb3 40. Kf2 f5
41. Bf3 Be4 42. Bxe4 fxe4 43. f5 Kg7 44. fxe6 fxe6 45. h4 Kf7 46. Rb7+ Kf6 47.
b5 Rd3 48. Rh7 Rxd4 49. Rxh6+ Ke5 50. Rh7 Rb4 51. Rb7 Kf4 52. g5 Rb2+ 53. Kf1
e3 54. Rf7+ Ke4 55. Rf6 e5 0-1

[Event "SV Welper 2 - SV Mülheim-Nord 4"]
[Site "Verbandsklasse - Gruppe 3 201"]
[Date "2019.01.20"]
[Round "5.4"]
[White "Wallhof, Dieter"]
[Black "Bartelt, Max Peter"]
[Result "0-1"]
[WhiteElo "1866"]
[BlackElo "1711"]
[PlyCount "82"]
[EventDate "2019.??.??"]

1. b3 Nf6 2. Bb2 b5 3. e3 b4 4. f4 e6 5. Nf3 Bb7 6. Be2 Be7 7. c4 O-O 8. Qc2 c5
9. Ng5 h6 10. Bf3 d5 11. Nh3 Nbd7 12. d3 Qc7 13. Nd2 Bd6 14. g3 e5 15. cxd5
Nxd5 16. Bxd5 Bxd5 17. e4 Bb7 18. f5 Rfd8 19. g4 g5 20. fxg6 fxg6 21. O-O Rf8
22. g5 Be7 23. Qc4+ Kg7 24. gxh6+ Kxh6 25. Nf3 Qd6 26. Rad1 Kg7 27. Qc1 Qe6 28.
Nfg5 Qg4+ 29. Kh1 Rxf1+ 30. Rxf1 Rf8 31. Rg1 Bxg5 32. Nxg5 Qe2 33. Ne6+ Kf7 34.
Nxf8 Qf3+ 35. Rg2 Nxf8 36. Qe1 Qxd3 37. Re2 Ne6 38. Bxe5 Ng5 39. Qf2+ Ke8 40.
Bg3 Bxe4+ 41. Qg2 Qxe2 0-1

[Event "SV Welper 2 - SV Mülheim-Nord 4"]
[Site "Verbandsklasse - Gruppe 3 201"]
[Date "2019.01.20"]
[Round "5.5"]
[White "Vavro, Maximilian"]
[Black "Sharma, Rakesh"]
[Result "1-0"]
[WhiteElo "1694"]
[BlackElo "1849"]
[Annotator "Daniel"]
[PlyCount "91"]
[EventDate "2019.??.??"]

1. d4 c6 2. c4 Nf6 3. Nc3 d5 4. Nf3 g6 5. Bg5 Bg7 6. e3 O-O 7. Bd3 Bg4 8. Bxf6
exf6 9. cxd5 cxd5 10. Qb3 Nc6 11. Qxd5 Qb6 12. Qb5 Qc7 13. a3 Rfe8 14. O-O Bxf3
15. gxf3 f5 16. Ne2 Rad8 17. Rac1 Qe7 18. f4 Rd6 19. Qc5 Qf6 20. Bb5 g5 21.
fxg5 Qxg5+ 22. Ng3 Rh6 23. Qxf5 Qh4 24. h3 Rxe3 25. Bxc6 bxc6 26. Qc8+ Bf8 27.
Qg4+ Qxg4 28. hxg4 Rb3 29. Rc2 Rf6 30. Nf5 h5 31. f3 hxg4 32. fxg4 Rg6 33. Rg2
c5 34. d5 c4 35. Re1 Rd3 36. Re8 Rg5 37. d6 f6 38. Rd8 Rd1+ 39. Kh2 Kf7 40. Kg3
Rd3+ 41. Kf4 Bxd6+ 42. Nxd6+ Ke7 43. Nb7 Rxd8 44. Nxd8 Kxd8 $11 45. Rh2 a5 46.
Rh5 1-0

[Event "SV Welper 2 - SV Mülheim-Nord 4"]
[Site "Verbandsklasse - Gruppe 3 201"]
[Date "2019.01.20"]
[Round "5.6"]
[White "Kleff, Tim"]
[Black "Frank, Carolin"]
[Result "1/2-1/2"]
[WhiteElo "1769"]
[BlackElo "1666"]
[PlyCount "36"]
[EventDate "2019.??.??"]

1. d4 Nf6 2. c4 g6 3. Nc3 Bg7 4. e4 d6 5. Nf3 O-O 6. h3 c5 7. d5 e6 8. Bg5 Re8
9. Qc2 Qa5 10. Bd2 a6 11. dxe6 Bxe6 12. Qd3 Qd8 13. Be2 Nc6 14. Bf4 Qb6 15. O-O
Rad8 16. Rfd1 Ne5 17. Bxe5 dxe5 18. Qc2 Nd7 1/2-1/2

[Event "SV Welper 2 - SV Mülheim-Nord 4"]
[Site "Verbandsklasse - Gruppe 3 201"]
[Date "2019.01.20"]
[Round "5.8"]
[White "Hoettler, Alexander Walter"]
[Black "Tarasenko, Maxim"]
[Result "0-1"]
[WhiteElo "1680"]
[BlackElo "1369"]
[PlyCount "154"]
[EventDate "2019.??.??"]

1. e4 e5 2. Nf3 Nc6 3. Bc4 Bc5 4. c3 Nf6 5. d3 d6 6. b4 Bb6 7. Nbd2 Be6 8. a4
a6 9. O-O Ne7 10. Bxe6 fxe6 11. Nc4 Ba7 12. Qe2 Ng6 13. b5 axb5 14. axb5 Bxf2+
15. Qxf2 Rxa1 16. Qb2 Ra8 17. Bg5 h6 18. Bxf6 gxf6 19. b6 c6 20. Qb4 c5 21.
Qb5+ Qd7 22. Nxd6+ Ke7 23. Qxd7+ Kxd7 24. Nc4 Kc6 25. g3 Rhd8 26. Rd1 Ra4 27.
Rd2 Ra1+ 28. Kf2 Rc1 29. Ke2 Rxc3 30. Ne1 h5 31. Rb2 Ra8 32. Kd2 Rxc4 33. dxc4
Ne7 34. Nd3 Nc8 35. Rb5 Nxb6 36. Rxc5+ Kd6 37. Rb5 Kc6 38. Nb4+ Kc7 39. c5 Nd7
40. Ke2 Ra3 41. Kf2 Rc3 42. c6 bxc6 43. Na6+ Kd6 44. Rb2 Nc5 45. Rd2+ Rd3 46.
Rxd3+ Nxd3+ 47. Ke3 Nc5 48. Nb4 Nb3 49. h3 c5 50. Na2 c4 51. Nc3 Nd4 52. Nd1
Kc5 53. Kd2 Kb4 54. Ne3 Nf3+ 55. Kd1 Ng5 56. h4 Nxe4 57. g4 hxg4 58. Nxg4 f5
59. Nxe5 Nf6 60. Kc2 Ng4 61. Nf3 e5 62. h5 e4 63. Nd4 Nh6 64. Ne2 Ng4 65. Ng3
Nh6 66. Ne2 e3 67. Kb2 Ng4 68. Kc2 Kc5 69. Kc3 Kd5 70. Kb4 Ke4 71. Kxc4 Ne5+
72. Kc3 f4 73. h6 f3 74. Ng3+ Kf4 75. h7 Ng6 76. Nh5+ Kg5 77. Kd3 e2 0-1

[Event "SV Mülheim-Nord 3 - SV Eichlinghofen 1"]
[Site "Regionalliga 2018/2019"]
[Date "2019.01.27"]
[Round "6.1"]
[White "Watzlawek, Markus"]
[Black "Walter, Andreas"]
[Result "0-1"]
[WhiteElo "2121"]
[BlackElo "2110"]
[PlyCount "75"]
[EventDate "2019.??.??"]

1. d4 Nf6 2. c4 e6 3. g3 d5 4. Bg2 dxc4 5. Qa4+ Nbd7 6. Nd2 Rb8 7. Qxc4 b5 8.
Qc2 c5 9. dxc5 Bxc5 10. Nb3 Bb6 11. Nh3 Bb7 12. Bxb7 Rxb7 13. O-O O-O 14. Bd2
Rc7 15. Qd3 Qb8 16. Bb4 Ne5 17. Qd6 Nfd7 18. Qd1 Nc5 19. Nxc5 Bxc5 20. Bxc5
Rxc5 21. Rc1 Qc7 22. Qd2 Rc8 23. Rxc5 Qxc5 24. Rd1 h6 25. Nf4 Ng4 26. Nd3 Qd4
27. h3 Nf6 28. Rc1 Rc4 29. Rxc4 bxc4 30. Qf4 Ne4 31. Ne5 f6 32. Nc6 Qd1+ 33.
Kg2 Nd2 34. Qb8+ Kh7 35. Qxa7 Qf1+ 36. Kh2 Ne4 37. Ne7 Nxf2 38. Qe3 0-1

[Event "SV Mülheim-Nord 3 - SV Eichlinghofen 1"]
[Site "Regionalliga 2018/2019"]
[Date "2019.01.27"]
[Round "6.2"]
[White "Ozerov, Ilja"]
[Black "Brockmann, Michael"]
[Result "1-0"]
[WhiteElo "2175"]
[BlackElo "2005"]
[Annotator "Daniel"]
[PlyCount "79"]
[EventDate "2019.??.??"]

1. d4 d5 2. c3 c5 3. e3 Nf6 4. f4 g6 5. Bd3 Bg7 6. Nf3 O-O 7. O-O b6 8. Qe2 a5
9. b3 Ba6 10. Nbd2 cxd4 11. exd4 Qc7 12. Ba3 Re8 13. Rae1 e6 14. Rc1 Bxd3 15.
Qxd3 Nc6 16. Ne5 Rac8 17. Ndf3 Qb7 18. Qb5 Ne7 19. Qd3 b5 20. Bc5 Nc6 21. Ng5
Nd8 22. b4 axb4 23. Bxb4 Ne4 24. Qh3 h6 25. Nxe4 dxe4 26. Rfe1 Nc6 27. Nxc6
Qxc6 28. Ra1 Ra8 29. a3 f5 30. Rab1 Rec8 31. Re3 Kf7 32. Qh4 Bf6 33. Qh3 g5 34.
Qh5+ Kg7 35. Rh3 Rh8 36. Rg3 Qe8 37. Qe2 Kh7 38. fxg5 hxg5 39. Bc5 Rb8 40. Bd6
{ZAo} 1-0

[Event "SV Mülheim-Nord 3 - SV Eichlinghofen 1"]
[Site "Regionalliga 2018/2019"]
[Date "2019.01.27"]
[Round "6.3"]
[White "Dreier, Daniel"]
[Black "Limbourg, Philipp"]
[Result "0-1"]
[WhiteElo "1893"]
[BlackElo "2176"]
[PlyCount "122"]
[EventDate "2019.??.??"]

1. d4 Nf6 2. Nf3 c5 3. c3 e6 4. e3 b6 5. Bd3 Bb7 6. Nbd2 Be7 7. e4 cxd4 8. cxd4
Nc6 9. a3 Qc8 10. Qe2 O-O 11. O-O a5 12. Nc4 Ba6 13. Be3 Bxc4 14. Bxc4 Nxe4 15.
Rac1 Nf6 16. Rfd1 Qb7 17. Bb5 Rfc8 18. Ne5 Nxe5 19. dxe5 Nd5 20. Rxc8+ Qxc8 21.
Rc1 Qb7 22. Qc4 f6 23. Bd4 f5 24. Rc2 Nf4 25. f3 Nd5 26. Kf2 f4 27. Rc1 Rf8 28.
Qd3 Rd8 29. Qe4 Rc8 30. Qe1 Bh4+ 31. g3 Bg5 32. Rxc8+ Qxc8 33. Qd1 Qc7 34. Qd3
Be7 35. Kg2 Bc5 36. Bxc5 bxc5 37. Qe4 Qb7 38. Qa4 Nc7 39. Bxd7 Qxb2+ 40. Kh3
Qxe5 41. Qxa5 Qd6 42. Qa4 c4 43. Bc6 fxg3 44. hxg3 c3 45. Be4 Qc5 46. Bc2 Nb5
47. Bb3 Qh5+ 48. Kg2 Qe5 49. f4 Qe2+ 50. Kh3 h5 51. Bc4 Qg4+ 52. Kh2 Nd4 53.
Qe8+ Kh7 54. Bd3+ Nf5 55. Bb1 Qxg3+ 56. Kh1 Qe1+ 57. Kg2 Qe2+ 58. Kg1 Qd1+ 59.
Kg2 Qxb1 60. Qxh5+ Nh6 61. f5 exf5 0-1

[Event "SV Mülheim-Nord 3 - SV Eichlinghofen 1"]
[Site "Regionalliga 2018/2019"]
[Date "2019.01.27"]
[Round "6.4"]
[White "Grodotzki, Kenneth"]
[Black "Wloka, Sebastian"]
[Result "1/2-1/2"]
[WhiteElo "1972"]
[BlackElo "1879"]
[PlyCount "50"]
[EventDate "2019.??.??"]

1. f4 c5 2. Nf3 Nc6 3. g3 d6 4. d3 g6 5. Bg2 Bg7 6. O-O h5 7. c3 Bg4 8. Nbd2
Qd7 9. Rb1 Bh3 10. Bxh3 Qxh3 11. Qb3 Qd7 12. Ng5 Nh6 13. Ndf3 O-O 14. Nh4 d5
15. e4 e6 16. Qc2 Ne7 17. h3 f5 18. e5 Nf7 19. Nxf7 Kxf7 20. Nf3 Bh6 21. Qf2
Rfc8 22. Be3 b6 23. Kg2 Qb7 24. Kh2 Qa6 25. d4 c4 1/2-1/2

[Event "SV Mülheim-Nord 3 - SV Eichlinghofen 1"]
[Site "Regionalliga 2018/2019"]
[Date "2019.01.27"]
[Round "6.5"]
[White "Dekhtyaryuk, Dimitri"]
[Black "Brockhaus, Bernd"]
[Result "0-1"]
[WhiteElo "1849"]
[BlackElo "1952"]
[PlyCount "90"]
[EventDate "2019.??.??"]

1. c4 g6 2. Nc3 Bg7 3. Nf3 c6 4. g3 d6 5. Bg2 Qa5 6. O-O Be6 7. Qb3 b5 8. d3
Nd7 9. Nd2 Rc8 10. Qc2 d5 11. Nb3 Qa6 12. c5 d4 13. Ne4 h6 14. Ned2 Qa4 15. Qd1
Qb4 16. Qc2 a5 17. a3 Qa4 18. Qd1 Ngf6 19. e3 dxe3 20. fxe3 g5 21. e4 Ng4 22.
Qe2 Nxc5 23. Nxc5 Qd4+ 24. Kh1 Qxc5 25. Nf3 Qd6 26. Rb1 a4 27. Bd2 Rd8 28. Ne1
O-O 29. Bb4 c5 30. Ba5 Rd7 31. Bc3 b4 32. Bxg7 Kxg7 33. Rd1 bxa3 34. bxa3 Ne5
35. Qc2 Bb3 36. Qd2 Bxd1 37. Qxd1 Qd4 38. Bh3 e6 39. Bg2 Rb8 40. Qc2 Rb2 41.
Qc1 Rdb7 42. Qd1 Rf2 43. Nf3 Nxf3 44. Rxf2 Qxf2 45. Bxf3 Rb2 0-1

[Event "SV Mülheim-Nord 3 - SV Eichlinghofen 1"]
[Site "Regionalliga 2018/2019"]
[Date "2019.01.27"]
[Round "6.6"]
[White "Roitburd, Talik"]
[Black "Gitschel, Ralf"]
[Result "1-0"]
[WhiteElo "2000"]
[BlackElo "1878"]
[Annotator "Daniel"]
[PlyCount "79"]
[EventDate "2019.??.??"]

1. e4 c5 2. Nf3 Nc6 3. Bb5 g6 4. c3 Bg7 5. O-O Nf6 6. e5 Nd5 7. d4 cxd4 8. cxd4
O-O 9. Nc3 Nxc3 10. bxc3 Qa5 11. Qb3 a6 12. Bd3 Qc7 13. Ng5 Na5 14. Qc2 d5 15.
f4 e6 16. Rf3 Nc4 17. Rh3 h6 18. Nf3 Bd7 19. f5 exf5 20. Bxh6 Bxh6 21. Rxh6 Kg7
22. Qc1 Rh8 23. Rxh8 Rxh8 24. Qg5 Qd8 25. Qxd8 Rxd8 26. Bxc4 dxc4 27. Kf2 Bc6
28. Nd2 Bd5 $11 29. Rb1 b5 30. Rb4 f6 31. exf6+ Kxf6 32. a4 Bc6 33. axb5 axb5
34. Nxc4 bxc4 35. Rb6 Rd6 36. d5 Rxd5 37. Rxc6+ Ke5 38. Rxc4 Rd2+ 39. Kf3 Rc2
40. h4 {ZAo} 1-0

[Event "SV Mülheim-Nord 3 - SV Eichlinghofen 1"]
[Site "Regionalliga 2018/2019"]
[Date "2019.01.27"]
[Round "6.7"]
[White "Stede, Joachim"]
[Black "Oltmanns, Jan"]
[Result "0-1"]
[WhiteElo "1699"]
[BlackElo "1951"]
[PlyCount "92"]
[EventDate "2019.??.??"]

1. e4 Nf6 2. Nc3 d5 3. exd5 Nxd5 4. Nxd5 Qxd5 5. Nf3 Bg4 6. Be2 e5 7. d3 Nc6 8.
h3 Bf5 9. Nh4 Be6 10. Bf3 Qd7 11. Qe2 Nd4 12. Qd2 Be7 13. c3 Nb5 14. g3 Bxh4
15. gxh4 O-O-O 16. a4 Nd6 17. Bg2 Nf5 18. Bf1 Nxh4 19. Qe3 Kb8 20. Rg1 Qd5 21.
Ke2 e4 22. Qxe4 Qh5+ 23. f3 Bxh3 24. Kf2 Bxf1 25. Rg5 Qxf3+ 26. Qxf3 Nxf3 27.
Kxf3 Bxd3 28. Be3 g6 29. Bd4 Rhe8 30. b4 Rd5 31. Rxd5 Be4+ 32. Kf4 Bxd5 33. Rc1
Bc4 34. Kg5 h5 35. a5 a6 36. Rg1 Re4 37. Rd1 Be6 38. Bf2 Rg4+ 39. Kh6 Kc8 40.
Rd2 h4 41. Rd4 Rxd4 42. Bxd4 h3 43. Bg1 Kd7 44. Kg5 Kc6 45. Bh2 Kd5 46. Bxc7
Ke4 0-1

[Event "SV Mülheim-Nord 3 - SV Eichlinghofen 1"]
[Site "Regionalliga 2018/2019"]
[Date "2019.01.27"]
[Round "6.8"]
[White "Schmidt, Kevin"]
[Black "Heimlich, Oliver"]
[Result "1-0"]
[WhiteElo "1910"]
[BlackElo "1775"]
[PlyCount "55"]
[EventDate "2019.??.??"]

1. e4 e5 2. Nf3 f5 3. Nxe5 Nc6 4. Nxc6 dxc6 5. Nc3 Bc5 6. Qf3 Qe7 7. Bd3 Nh6 8.
O-O O-O 9. exf5 Bxf5 10. Bxf5 Rxf5 11. Qe4 Qf7 12. d4 Re8 13. Qd3 Bd6 14. h3 c5
15. Ne4 c4 16. Nxd6 cxd3 17. Nxf7 Nxf7 18. cxd3 Re2 19. b3 Nd6 20. Be3 Nb5 21.
Rfe1 Rxe1+ 22. Rxe1 Nc3 23. Bd2 Nd5 24. Re5 g6 25. g4 Rxe5 26. dxe5 Kf7 27. f4
Ke6 28. Kf2 1-0

[Event "SV Kamen 1 - SF Essen-Katernberg  2"]
[Site "Regionalliga 2018/2019"]
[Date "2019.01.27"]
[Round "6.1"]
[White "Bee, Marcus"]
[Black "Weidemann, Christian"]
[Result "1/2-1/2"]
[WhiteElo "2143"]
[BlackElo "2290"]
[PlyCount "89"]
[EventDate "2019.??.??"]

1. Nf3 g6 2. c4 Bg7 3. g3 Nf6 4. Bg2 O-O 5. O-O c5 6. Nc3 Nc6 7. d3 a6 8. a3
Rb8 9. Rb1 b5 10. cxb5 axb5 11. b4 cxb4 12. axb4 e5 13. Bg5 d5 14. Nd2 Be6 15.
Nb3 h6 16. Bxf6 Bxf6 17. Nc5 Be7 18. Nxe6 fxe6 19. Qc1 Bg5 20. e3 Qd6 21. Qd1
Kg7 22. Qg4 Be7 23. Rfc1 Nxb4 24. d4 e4 25. Bf1 h5 26. Qd1 Qd7 27. Rb3 Nd3 28.
Bxd3 exd3 29. Qxd3 Rfc8 30. Rcb1 b4 31. Ne2 Qb5 32. Nf4 Qxd3 33. Nxd3 Rc4 34.
Ne5 Rc2 35. Nd3 Rc4 36. Ne5 Bd6 37. Nd3 Kf6 38. Kg2 g5 39. h3 Kf5 40. R1b2 Rb7
41. Kf3 g4+ 42. hxg4+ hxg4+ 43. Ke2 Rb8 44. Kd2 Rb6 45. Ke2 1/2-1/2

[Event "SV Kamen 1 - SF Essen-Katernberg  2"]
[Site "Regionalliga 2018/2019"]
[Date "2019.01.27"]
[Round "6.2"]
[White "Himmel, Hansjoerg"]
[Black "Villwock, Martin"]
[Result "1-0"]
[WhiteElo "2208"]
[BlackElo "2166"]
[PlyCount "69"]
[EventDate "2019.??.??"]

1. d4 f5 2. Bg5 h6 3. Bh4 g5 4. e3 Nf6 5. Bg3 Bg7 6. h4 d6 7. hxg5 hxg5 8.
Rxh8+ Bxh8 9. Nc3 Nc6 10. Bb5 a6 11. Bxc6+ bxc6 12. Qd2 Be6 13. Nh3 Nh7 14.
O-O-O Kd7 15. f3 Qg8 16. Nf2 Rb8 17. Nd3 f4 18. Bf2 Bxa2 19. e4 Bc4 20. Ne5+
dxe5 21. dxe5+ Kc8 22. Qd7+ Kb7 23. Na4 Bb5 24. Nc5+ Ka8 25. Qxc7 Qc8 26. Qxe7
Qe8 27. Qxh7 Qxe5 28. c3 Qg7 29. Qf5 Rf8 30. Qe6 Qc7 31. Rd7 Qc8 32. Qe7 Bf6
33. Ra7+ Kb8 34. Nxa6+ Bxa6 35. Qd6+ 1-0